000
00246pam a2200133 a 4500
020
_c
041
_h
100
_a
Romulus whitaker
245
_a
Common Indian Snakes
260
_c
1992
300
_a
154
653
_a
Zoology
930
_a
918
999
_c
246771
_d
246771